Bhartiya rajnitik vicharak (Record no. 1510)

MARC details
000 -LEADER
fixed length control field 00448nam a2200169Ia 4500
008 - FIXED-LENGTH DATA ELEMENTS--GENERAL INFORMATION
fixed length control field 230917s9999||||xx |||||||||||||| ||und||
020 ## - ISBN
Price RS 995.00
040 ## - CATALOGING SOURCE
-- 5001589
Original cataloging agency VIVEKANANDA LIBRARY
041 ## - Language
-- English
082 ## - DDC NUMBER
Classification number 320.50954 M792B
100 ## - MAIN ENTRY--PERSONAL NAME
Personal name Morale, Suhas R
245 #0 - TITLE STATEMENT
Title Bhartiya rajnitik vicharak
260 ## - PUBLICATION, DISTRIBUTION, ETC. (IMPRINT)
Place of publication, distribution, etc Kanpur
Name of publisher, distributor, etc Garima Prakashan
Date of publication, distribution, etc 2014
300 ## - PHYSICAL DESCRIPTION
Pages 256 p.
500 ## - GENERAL NOTE
General note 3983 21/01/2020 HBD20/8176 24/01/2020 Main Budget
942 ## - ADDED ENTRY ELEMENTS (KOHA)
Koha item type Books
Holdings
Withdrawn status Lost status Damaged status Not for loan Location (home branch) Sublocation or collection (holding branch) Date acquired Koha issues (times borrowed) Koha full call number Accession No. Koha date last seen Koha item type
        VIVEKANANDA LIBRARY VIVEKANANDA LIBRARY 13/02/2020 2 320.50954 M792B 396356 06/12/2023 Books
© Designed and Maintained by Vivekananda Library, MDU Rohtak